[Event "Asuncion"]
[Site "Asuncion PAR"]
[Date "1992.??.??"]
[Round "8"]
[White "Rubinetti, Jorge A"]
[Black "Morovic Fernandez, Ivan E"]
[Result "1/2-1/2"]
[WhiteElo "2450"]
[BlackElo "2565"]
[PlyCount "123"]
[EventDate "1992.04.??"]
[Source "www.chesslib.no"]
[SourceDate "2004.05.04"]

1. d4 d5 2. c4 c6 3. Nf3 Nf6 4. e3 e6 5. Nbd2 Nbd7 6. Bd3 Be7 7. O-O O-O 8. e4 dxe4 9. Nxe4 c5 10. Nxc5 Nxc5 11. dxc5 Qc7 12. Qe2 Qxc5 13. Bg5 Rd8 14. Rad1 Bd7 15. Ne5 Be8 16. Kh1 h6 17. Bc1 Qc7 18. b3 Qa5 19. f4 Ba3 20. Bd2 Bb4 21. Bxb4 Qxb4 22. Qb2 Bc6 23. a3 Qb6 24. b4 Qe3 25. Nxc6 bxc6 26. Qe2 Ng4 27. Qc2 Kh8 28. h3 Nf6 29. Rf3 Qb6 30. Re1 a5 31. c5 Qc7 32. Qf2 axb4 33. axb4 Ra3 34. Rd1 Nd5 35. Be4 Rxf3 36. Qxf3 Nxb4 37. Rxd8+ Qxd8 38. Bxc6 Qc8 39. Be4 Qxc5 40. Qa3 f5 41. Bf3 Kh7 42. h4 Qd4 43. g3 Nc2 44. Qa2 Qf2 45. Bh5 Qe1+ 46. Kh2 Nd4 47. Kg2 Qe4+ 48. Kh2 Qe3 49. Kg2 Qe4+ 50. Kh2 Qb7 51. Qf2 Qd7 52. Kh3 Nc6 53. Qe2 Nd4 54. Qf2 g6 55. Bd1 Kg7 56. Kh2 Kf6 57. Qb2 g5 58. Qb8 g4 59. Qf8+ Kg6 60. Qg8+ Kf6 61. Qf8+ Kg6 62. Qg8+ 1/2-1/2

[Event "Lloyds Bank Open"]
[Site "London ENG"]
[Date "1994.??.??"]
[Round "10"]
[White "Hebden, Mark L"]
[Black "Arakhamia-Grant, Ketevan"]
[Result "1-0"]
[WhiteElo "2530"]
[BlackElo "2485"]
[PlyCount "63"]
[EventDate "1994.08.??"]
[Source "www.chesslib.no"]
[SourceDate "2004.05.04"]

1. d4 d5 2. c4 c6 3. Nf3 Nf6 4. e3 e6 5. Nbd2 Nbd7 6. b3 Bd6 7. Bb2 O-O 8. Bd3 Re8 9. Ne5 dxc4 10. Ndxc4 Bb4+ 11. Kf1 Bf8 12. h4 c5 13. Qf3 Nxe5 14. Nxe5 cxd4 15. Bxd4 Qd5 16. Qf4 b5 17. h5 Bb7 18. h6 Re7 19. f3 Rc8 20. Rh3 Rec7 21. Re1 Qd8 22. hxg7 Bxg7 23. Qh4 Rc1 24. b4 Qd5 25. Ng4 Rxe1+ 26. Kxe1 Ne8 27. Qe7 h5 28. Bh7+ Kxh7 29. Qxf7 Rc1+ 30. Kf2 Rc2+ 31. Kg1 Rc1+ 32. Kh2 1-0

[Event "Moscow RUS"]
[Site "?"]
[Date "2005.02.17"]
[Round "3"]
[White "Kosyrev Vladimir"]
[Black "Panarin Michail"]
[Result "1/2-1/2"]
[WhiteElo "2539"]
[BlackElo "2475"]
[PlyCount "39"]
[EventDate "2005.??.??"]
[Source "www.chesslib.no"]
[SourceDate "2004.05.04"]

1. d4 d5 2. c4 c6 3. Nf3 Nf6 4. e3 e6 5. Nbd2 Nbd7 6. b3 Be7 7. Bb2 O-O 8. Bd3 b6 9. O-O Bb7 10. Qe2 Qc7 11. Rac1 Rad8 12. Rfd1 Qb8 13. e4 dxe4 14. Nxe4 c5 15. dxc5 Nxc5 16. Nxc5 Bxc5 17. Ne5 Be7 18. Qe3 Qc7 19. Qg3 Be4 20. Qf4 1/2-1/2

[Event "Hasselbacken"]
[Site "Stockholm"]
[Date "2001.07.29"]
[Round "2"]
[White "Cramling, Pia"]
[Black "Grabarczyk, Miroslaw"]
[Result "0-1"]
[WhiteElo "2510"]
[BlackElo "2499"]
[PlyCount "58"]
[EventDate "2001.07.28"]
[Source "ChessBase"]
[SourceDate "2001.11.13"]

1. d4 d5 2. Nf3 Nf6 3. c4 c6 4. e3 e6 5. Nbd2 c5 6. b3 Nc6 7. Bb2 Be7 8. dxc5 Bxc5 9. a3 O-O 10. Bd3 dxc4 11. Bxc4 a6 12. Qc2 Qe7 13. Ng5 e5 14. h4 Ba7 15. Bd3 h6 16. Nde4 Ng4 17. Nc3 Rd8 18. Nf3 Be6 19. O-O Rac8 20. b4 Nd4 21. exd4 exd4 22. Be4 dxc3 23. Bxc3 Bc4 24. Rae1 Qc7 25. Ne5 Bxf1 26. Nxg4 Qxc3 27. Qxc3 Rxc3 28. Kxf1 b5 29. Ne5 Rd2 0-1